000 00272nam a22001217a 4500
008 170310b xxu||||| |||| 00| 0 eng d
041 _aeng
080 _26TH
_a616.5
100 _a7
101 _aSHM
245 _aTEXTBOOK OF DERMATOLOGY
_cCHAMPION, R.H
942 _2udc
_cBK
999 _c7483
_d7483